[Event "Wloclawek-ch"]
[Site "Wloclawek"]
[Date "2018.??.??"]
[Round "4"]
[White "Czekalski, Pawel"]
[Black "Wojcik, Bartlomiej"]
[Result "0-1"]
[WhiteElo "1148"]
[BlackElo "1100"]
[PlyCount "58"]
[EventDate "2018.09.??"]
[EventType "swiss"]
[EventRounds "9"]
[EventCountry "POL"]
[SourceTitle "EXT 2021"]
[Source "ChessBase"]
[SourceDate "2020.10.23"]
[SourceVersion "1"]
[SourceVersionDate "2020.10.23"]
[SourceQuality "1"]

1. Nf3 c5 2. e3 d5 3. Bb5+ Bd7 4. Bxd7+ Nxd7 5. 0-0 e5 6. Re1 Ngf6 7. b3 Bd6 8. d4 e4 9. Nfd2 Qc7 10. g3 h5 11. dxc5 Be5 12. c3 Nxc5 13. f4 exf3 14. Qxf3 h4 15. Nf1 Nce4 16. Kg2 hxg3 17. h3 Bxc3 18. Nxc3 Qxc3 19. Bd2 Nxd2 20. Nxd2 Qxd2+ 21. Qe2 Qxe2+ 22. Rxe2 Ne4 23. Rc1 Kd7 24. Rec2 Rac8 25. Rxc8 Rxc8 26. Rd1 Ke6 27. Kf3 Ke5 28. h4 Rc2 29. a4 f5 0-1

[Event "Wloclawek CC Classic 18th"]
[Site "Wloclawek"]
[Date "2017.??.??"]
[Round "6"]
[White "Lyczko, Piotr"]
[Black "Czekalski, Pawel"]
[Result "1/2-1/2"]
[WhiteElo "1400"]
[BlackElo "1296"]
[PlyCount "89"]
[EventDate "2017.04.??"]
[EventType "swiss"]
[EventRounds "7"]
[EventCountry "POL"]
[SourceTitle "EXT 2021"]
[Source "ChessBase"]
[SourceDate "2020.10.23"]
[SourceVersion "1"]
[SourceVersionDate "2020.10.23"]
[SourceQuality "1"]

1. e4 e5 2. Nf3 Nf6 3. Nxe5 Nxe4 4. Qe2 d5 5. d3 Qe7 6. dxe4 Qxe5 7. exd5 Qxe2+ 8. Bxe2 Bd6 9. Bb5+ Bd7 10. Nc3 a6 11. Bxd7+ Nxd7 12. 0-0 0-0-0 13. Re1 h5 14. Ne4 f6 15. Nxd6+ cxd6 16. Bf4 Kc7 17. c4 g5 18. Be3 Rde8 19. Bd4 Ne5 20. Bxe5 fxe5 21. b4 b6 22. Rac1 Kd7 23. c5 bxc5 24. bxc5 dxc5 25. Rxc5 Kd6 26. Ra5 Ra8 27. f3 Rhc8 28. Re2 Rc4 29. Rd2 Rd4 30. Rxd4 exd4 31. Kf2 Rb8 32. Ke2 Rb2+ 33. Kd3 Rxg2 34. Kxd4 Rd2+ 35. Ke4 Re2+ 36. Kf5 Re5+ 37. Kg6 h4 38. Rxa6+ Kd7 39. d6 h3 40. Kh5 Re2 41. Kxg5 Rxh2 42. Kg4 Rf2 43. Kxh3 Rxf3+ 44. Kg4 Rd3 45. a4 1/2-1/2